| 000 | 00706nam a2200229ia 4500 | ||
|---|---|---|---|
| 008 | |||
| 020 | _a0333687191 (pbk.) | ||
| 049 | _aMAIN | ||
| 050 | 1 | _aHV245 DOM | |
| 100 | 1 | 0 | _aDominelli, Lena. |
| 245 | 1 | 0 |
_aAnti-racist social work : _ba challenge for white practitioners and educators / _cby Lena Dominelli. |
| 260 | 0 |
_aBasingstoke : _bMacmillan Education, _c1988. |
|
| 300 |
_axvi,192 p. ; _c22 cm. |
||
| 500 | _aincludes index | ||
| 504 | _aIncludes bibliography. | ||
| 650 | 0 |
_aSocial service and race relations _zGreat Britain. |
|
| 907 |
_a.b10240846 _b25-04-07 _c25-04-07 |
||
| 003 | |||
| 005 | 20230123134431.0 | ||
| 040 | _cNUST | ||
| 942 | _cBOOKS | ||
| 999 |
_c165850 _d165850 |
||